书目信息 |
| 题名: |
80x86汇编语言与计算机体系结构
|
|
| 作者: | 德特默 著 ;郑红 , 庞毅林 , 蒋翠玲 译 | |
| 分册: | ||
| 出版信息: | 北京 机械工业出版社 2006 |
|
| 页数: | 332页 | |
| 开本: | 26cm | |
| 丛书名: | 计算机科学丛书 | |
| 单 册: | ||
| 中图分类: | TP313 , TP303 | |
| 科图分类: | ||
| 主题词: | 计算机体系结构 , 汇编语言 | |
| 电子资源: | ||
| ISBN: | 7-111-17617-0 | |
| 000 | 01379oam2 2200349 450 | |
| 001 | 070730001128 | |
| 005 | 20071016112905.23 | |
| 010 | @a7-111-17617-0@dCNY49.00 | |
| 035 | @a003125694 | |
| 100 | @a20060407d2006 em y0chiy0110 ea | |
| 101 | 1 | @achi@ceng |
| 102 | @aCN@b110000 | |
| 105 | @ay z 000yy | |
| 200 | 1 | @a80x86汇编语言与计算机体系结构@A80x86 hui bian yu yan yu ji suan ji ti xi jie gou@dIntroduction to 80x86 assembly language and computer architecture@f(美)Richard C.Detmer著@g郑红, 庞毅林, 蒋翠玲译@zeng |
| 210 | @a北京@c机械工业出版社@d2006 | |
| 215 | @a332页@d26cm@e1光盘 | |
| 225 | 2 | @a计算机科学丛书 |
| 305 | @a由Jones and Bartlett Publishers.授权出版 | |
| 307 | @a附光盘:ISBN7-89492-292-7 | |
| 330 | @a本书介绍了80x86汇编语言和计算机体系结构,重点介绍32位平面内存模型,强调了体系结构的概念,涵盖了汇编语言的指令、分支和循环、过程、位运算、汇编过程等重点内容。 | |
| 461 | 0 | @10010199057998@12001 @a计算机科学丛书 |
| 510 | 1 | @aIntroduction to 80x86 assembly language and computer architecture@zeng |
| 606 | 0 | @a计算机体系结构 |
| 606 | 0 | @a汇编语言 |
| 690 | @aTP313@v4 | |
| 690 | @aTP303@v4 | |
| 701 | 0 | @c(美)@a德特默@Ade te mo@c(Detmer, Richard C.)@4著 |
| 702 | 0 | @a郑红@Azheng hong@c(计算机)@4译 |
| 702 | 0 | @a庞毅林@Apang yi lin@4译 |
| 702 | 0 | @a蒋翠玲@Ajiang cui ling@4译 |
| 801 | 0 | @aCN@c20071016 |
| 905 | @dTP313@eD254 | |
| 80x86汇编语言与计算机体系结构=Introduction to 80x86 assembly language and computer architecture/(美)Richard C.Detmer著/郑红, 庞毅林, 蒋翠玲译.-北京:机械工业出版社,2006 |
| 332页;26cm+1光盘.-(计算机科学丛书) |
| ISBN 7-111-17617-0:CNY49.00 |
| 本书介绍了80x86汇编语言和计算机体系结构,重点介绍32位平面内存模型,强调了体系结构的概念,涵盖了汇编语言的指令、分支和循环、过程、位运算、汇编过程等重点内容。 |
| ● |
| 相关链接 |
|
|
|
正题名:80x86汇编语言与计算机体系结构
索取号:TP313/D254
 
预约/预借
| 序号 | 登录号 | 条形码 | 馆藏地/架位号 | 状态 | 备注 |
| 1 | 652561 | 206525615 | 自科库301/301自科库 57排1列4层/ [索取号:TP313/D254] | 在馆 | |
| 2 | 652562 | 206525624 | 自科库301/301自科库 57排1列4层/ [索取号:TP313/D254] | 在馆 |